000 00653nam a22002057a 4500
999 _c19531
_d19531
003 AR-CdUCM
008 190403b ||||| |||| 00| 0 spa d
040 _aMUNICIPALIDAD PROVINCIAL DEL CUSCO
_cBIBLIOTECA MUNICIPAL DEL CUSCO
082 _a869.51 /
_bZ46
100 _aZarate O´phelan, Luis Aureliano
_928623
245 _aLos Hércules vencidos del imperio Inca :
_bPoemas de Libertad /
260 _aCusco :
_bH. G. Rozas,
300 _a108 páginas ;
_bilustraciones,
_c21 cm.
505 _aContenido: Poemas.
650 _aLiteratura Cusqueña
_97280
650 _aSiglo XX
_98
650 _aPoemas
_9929
942 _2ddc
_cLIBROS
945 _arcc